[Event "Rottach Egern Seniors Cup 13th"]
[Site "Rottach Egern"]
[Date "2025.03.31"]
[Round "3"]
[White "Redeker, Frank"]
[Black "Steiger, Michael"]
[Result "0-1"]
[WhiteElo "1775"]
[BlackElo "1916"]
[PlyCount "56"]
[EventDate "2025.03.29"]
[EventType "swiss"]
[EventRounds "9"]
[EventCountry "GER"]
[SourceTitle "CB16_2025"]
[SourceDate "2025.04.16"]
[SourceVersion "1"]
[SourceVersionDate "2025.04.16"]
[SourceQuality "1"]

1. d4 Nf6 2. c4 g6 3. Nc3 Bg7 4. e4 d6 5. Nf3 0-0 6. Be3 Bg4 7. Be2 Nfd7 8. h3 Bxf3 9. Bxf3 Nc6 10. 0-0 e5 11. d5 Nd4 12. Nb5 Nxf3+ 13. Qxf3 f5 14. exf5 b6 15. Nc3 gxf5 16. Rab1 Qh4 17. Qg3 Qxc4 18. Bh6 Rf7 19. b3 Qd4 20. Bxg7 Rxg7 21. Qf3 e4 22. Qe3 Qe5 23. f4 exf3 24. Rxf3 Rf8 25. Re1 Qxe3+ 26. Rfxe3 Ne5 27. Ne2 f4 28. Rc3 f3 0-1

[Event "Rottach Egern Seniors Cup 13th"]
[Site "Rottach Egern"]
[Date "2025.03.30"]
[Round "2"]
[White "Steiger, Michael"]
[Black "Roth, Willi"]
[Result "1-0"]
[WhiteElo "1916"]
[BlackElo "1804"]
[PlyCount "79"]
[EventDate "2025.03.29"]
[EventType "swiss"]
[EventRounds "9"]
[EventCountry "GER"]
[SourceTitle "CB16_2025"]
[SourceDate "2025.04.16"]
[SourceVersion "1"]
[SourceVersionDate "2025.04.16"]
[SourceQuality "1"]

1. d4 Nf6 2. Nf3 d5 3. g3 e6 4. Bg2 c5 5. 0-0 Nc6 6. a3 Be7 7. dxc5 Bxc5 8. b4 Bd6 9. Nbd2 Ne5 10. Bb2 Qc7 11. Nxe5 Bxe5 12. Bxe5 Qxe5 13. c4 0-0 14. Nf3 Qc7 15. cxd5 Rd8 16. Rc1 Qb6 17. Ne5 Nxd5 18. Qb3 Bd7 19. Bxd5 exd5 20. Nxd7 Rxd7 21. Rfd1 Rad8 22. Rd3 Qe6 23. Qb2 g6 24. Rd4 f5 25. e3 Rd6 26. b5 Rb6 27. a4 a6 28. Qb4 axb5 29. axb5 Qd7 30. Rc5 Rd6 31. h4 b6 32. Rc1 Ra8 33. Rb1 Rc8 34. Qd2 Rc5 35. Rdb4 Qc7 36. Qd4 Re6 37. Ra4 Rc1+ 38. Rxc1 Qxc1+ 39. Kg2 Rd6 40. Ra7 1-0

[Event "GER-ch Seniors 65 36th"]
[Site "Bad Wildungen"]
[Date "2024.08.25"]
[Round "2"]
[White "Steiger, Michael"]
[Black "Zimmermann, Rolf"]
[Result "0-1"]
[WhiteElo "1966"]
[BlackElo "2107"]
[PlyCount "52"]
[EventDate "2024.08.25"]
[EventType "swiss"]
[EventRounds "9"]
[EventCountry "GER"]
[SourceTitle "CBM 221 Extra"]
[Source "ChessBase"]
[SourceDate "2024.09.30"]
[SourceVersion "1"]
[SourceVersionDate "2024.09.30"]
[SourceQuality "1"]

1. c4 c5 2. g3 Nc6 3. Bg2 e6 4. Nc3 Nf6 5. e3 d5 6. cxd5 Nxd5 7. Nxd5 exd5 8. d4 cxd4 9. exd4 Bb4+ 10. Bd2 Qe7+ 11. Ne2 Nxd4 12. Bxb4 Qxb4+ 13. Nc3 Qxb2 14. Rc1 Bg4 15. Qd2 Qxd2+ 16. Kxd2 0-0 17. Bxd5 Bf3 18. Bxf3 Nxf3+ 19. Ke3 Ne5 20. Nd5 Nc6 21. Rhd1 Rad8 22. Kf3 f6 23. Kg2 Kf7 24. Kf3 Rd7 25. Ne3 Rfd8 26. Re1 Ne5+ 0-1

[Event "EU-chT Seniors 65"]
[Site "Terme Catez"]
[Date "2024.05.08"]
[Round "2.4"]
[White "Steiger, Michael"]
[Black "Povah, Nigel Edward"]
[Result "1/2-1/2"]
[WhiteElo "1968"]
[BlackElo "2176"]
[PlyCount "34"]
[EventDate "2024.05.07"]
[EventType "team-swiss"]
[EventRounds "9"]
[EventCountry "SLO"]
[SourceTitle "CBM 220 Extra"]
[Source "ChessBase"]
[SourceDate "2024.07.31"]
[SourceVersion "1"]
[SourceVersionDate "2024.07.31"]
[SourceQuality "1"]
[WhiteTeam "Germany Kreuzberg 65"]
[BlackTeam "England 65"]
[WhiteTeamCountry "GER"]
[BlackTeamCountry "ENG"]

1. Nf3 d5 2. d4 Nf6 3. c4 e6 4. g3 dxc4 5. Bg2 Nc6 6. 0-0 Rb8 7. a4 Be7 8. Qc2 Nb4 9. Qxc4 b6 10. Nc3 0-0 11. Rd1 Ba6 12. Qb3 Bb7 13. Bf4 Nfd5 14. Nxd5 Bxd5 15. Qc3 Rc8 16. a5 b5 17. Ne5 Bxg2 1/2-1/2

[Event "Rottach Egern Seniors Cup 12th"]
[Site "Rottach Egern"]
[Date "2024.04.10"]
[Round "5"]
[White "Steiger, Michael"]
[Black "Schoetzig, Detlef"]
[Result "0-1"]
[WhiteElo "1955"]
[BlackElo "2068"]
[PlyCount "104"]
[EventDate "2024.04.06"]
[EventType "swiss"]
[EventRounds "9"]
[EventCountry "GER"]
[SourceTitle "CBM 219 Extra"]
[Source "ChessBase"]
[SourceDate "2024.05.31"]
[SourceVersion "1"]
[SourceVersionDate "2024.05.31"]
[SourceQuality "1"]

1. Nf3 d5 2. d4 Nf6 3. g3 e6 4. c4 Be7 5. Bg2 0-0 6. 0-0 dxc4 7. Ne5 c5 8. dxc5 Qc7 9. Nxc4 Bxc5 10. Qc2 Nc6 11. e3 Nb4 12. Qe2 Bd7 13. a3 Nbd5 14. e4 Bb5 15. b3 Nb6 16. Nc3 Bxc4 17. bxc4 a6 18. Bg5 Bd4 19. Rac1 Qc5 20. e5 Qxe5 21. Qxe5 Bxe5 22. Bxb7 Ra7 23. Bxf6 Bxf6 24. Bg2 Nxc4 25. Ne4 Nxa3 26. Nxf6+ gxf6 27. Ra1 Nc2 28. Ra2 Nb4 29. Ra4 Rb8 30. Rfa1 Nd3 31. Bf1 Ne5 32. Rxa6 Rxa6 33. Rxa6 Rb2 34. h3 Nf3+ 35. Kg2 Nd2 36. Bd3 f5 37. Rc6 Kg7 38. Rc2 Rxc2 39. Bxc2 Nc4 40. Bd3 Ne5 41. Bb5 h6 42. f4 Ng6 43. Kf3 f6 44. Bd7 Kf7 45. g4 fxg4+ 46. Kxg4 e5 47. Kh5 Nxf4+ 48. Kxh6 e4 49. h4 e3 50. Bb5 e2 51. Bxe2 Nxe2 52. h5 Ng3 0-1

[Event "Berlin-ch Seniors op 39th"]
[Site "Berlin"]
[Date "2023.01.30"]
[Round "7"]
[White "Matitschka, Heinz"]
[Black "Steiger, Michael"]
[Result "0-1"]
[WhiteElo "1847"]
[BlackElo "1962"]
[PlyCount "56"]
[EventDate "2023.01.24"]
[EventType "swiss"]
[EventRounds "9"]
[EventCountry "GER"]
[SourceTitle "CBM 212 Extra"]
[Source "ChessBase"]
[SourceDate "2023.03.31"]
[SourceVersion "1"]
[SourceVersionDate "2023.03.31"]
[SourceQuality "1"]

1. d4 Nf6 2. c4 g6 3. Nc3 Bg7 4. e4 d6 5. Nf3 0-0 6. Be2 Bg4 7. Be3 Nfd7 8. Qd2 Nc6 9. 0-0 e5 10. d5 Bxf3 11. Bxf3 Nd4 12. Bd1 c5 13. Rb1 Qe7 14. b4 cxb4 15. Nb5 a5 16. Nxd4 exd4 17. Bxd4 Qxe4 18. Bxg7 Kxg7 19. Ba4 Nb6 20. Bb5 Nxc4 21. Qd1 Na3 22. Re1 Qf4 23. Ba4 Nxb1 24. Qxb1 Rac8 25. Qb2+ Qf6 26. Qd2 Rc3 27. Be8 Rc5 28. h4 Qc3 0-1

[Event "Rottach Egern Seniors Cup 10th"]
[Site "Rottach Egern"]
[Date "2022.04.03"]
[Round "9"]
[White "Brandes, Stephan"]
[Black "Steiger, Michael"]
[Result "1-0"]
[WhiteElo "2122"]
[BlackElo "1936"]
[PlyCount "43"]
[EventDate "2022.03.26"]
[EventType "swiss"]
[EventRounds "9"]
[EventCountry "GER"]
[SourceTitle "CBM 207 Extra"]
[Source "ChessBase"]
[SourceDate "2022.05.31"]
[SourceVersion "1"]
[SourceVersionDate "2022.05.31"]
[SourceQuality "1"]

1. e4 c5 2. b4 cxb4 3. Bb2 d5 4. exd5 Qxd5 5. d4 Nf6 6. c4 bxc3 7. Nxc3 Qd8 8. Nf3 e6 9. Bd3 Be7 10. 0-0 0-0 11. Qe2 Nc6 12. Rad1 Nb4 13. Bb1 Nbd5 14. Ne4 Nxe4 15. Qxe4 f5 16. Qe2 Bd7 17. Rfe1 Re8 18. Ne5 Bb4 19. Rf1 Ba4 20. Rc1 Qb6 21. Qf3 Bd2 22. Nc4 1-0

[Event "Rottach Egern Seniors Cup 10th"]
[Site "Rottach Egern"]
[Date "2022.04.01"]
[Round "7"]
[White "Weber, Bernhard"]
[Black "Steiger, Michael"]
[Result "0-1"]
[WhiteElo "2065"]
[BlackElo "1936"]
[PlyCount "54"]
[EventDate "2022.03.26"]
[EventType "swiss"]
[EventRounds "9"]
[EventCountry "GER"]
[SourceTitle "CBM 207 Extra"]
[Source "ChessBase"]
[SourceDate "2022.05.31"]
[SourceVersion "1"]
[SourceVersionDate "2022.05.31"]
[SourceQuality "1"]

1. d4 Nf6 2. Nf3 e6 3. g3 d5 4. Bg2 c6 5. 0-0 Nbd7 6. Nbd2 Bd6 7. c4 0-0 8. Qc2 Re8 9. Rd1 Qe7 10. Re1 e5 11. e4 Nxe4 12. cxd5 cxd5 13. Nxe4 dxe4 14. Qxe4 Qf8 15. dxe5 Nxe5 16. Bf4 Nxf3+ 17. Qxf3 Rxe1+ 18. Rxe1 Bxf4 19. Qxf4 Be6 20. a3 Qd8 21. Bxb7 Rb8 22. Qf3 Qd2 23. Re2 Qd1+ 24. Kg2 Rxb7 25. Qxb7 Bd5+ 26. Kh3 Qf1+ 27. Kh4 g5+ 0-1

[Event "Berlin-ch Seniors op 36th"]
[Site "Berlin"]
[Date "2020.02.04"]
[Round "7.11"]
[White "Will, Wolfgang"]
[Black "Steiger, Michael"]
[Result "1/2-1/2"]
[WhiteElo "1892"]
[BlackElo "2005"]
[PlyCount "76"]
[EventDate "2020.01.28"]
[EventType "swiss"]
[EventRounds "9"]
[EventCountry "GER"]
[SourceTitle "EXT 2024"]
[Source "ChessBase"]
[SourceDate "2023.10.10"]
[SourceVersion "1"]
[SourceVersionDate "2023.10.10"]
[SourceQuality "1"]

1. e4 c5 2. Nf3 e6 3. Nc3 d6 4. d4 cxd4 5. Nxd4 Nf6 6. Be3 Be7 7. Be2 a6 8. 0-0 Qc7 9. Bf3 Nbd7 10. Nb3 Ne5 11. Be2 b5 12. a3 Nc4 13. Bxc4 Qxc4 14. Nd2 Qc6 15. f3 0-0 16. Ne2 Bb7 17. Nd4 Qc7 18. Bf2 Rfd8 19. Qe2 Rac8 20. c3 Nd7 21. Rae1 Nb6 22. f4 Nc4 23. N2f3 Bf8 24. Bh4 Re8 25. e5 g6 26. Bf6 dxe5 27. fxe5 Nxb2 28. Qxb2 Qxc3 29. Qf2 Bxf3 30. gxf3 Rc4 31. Re4 Rec8 32. Rd1 Qxa3 33. Rh4 h6 34. Qd2 Rxd4 35. Rxd4 Qxf3 36. Rd8 Rxd8 37. Qxd8 Kh7 38. Rd3 Bc5+ 1/2-1/2

[Event "Arco op 41st"]
[Site "Arco"]
[Date "2019.10.09"]
[Round "6"]
[White "Steiger, Michael"]
[Black "Prelati, Maurizio"]
[Result "1/2-1/2"]
[WhiteElo "2015"]
[BlackElo "1884"]
[PlyCount "29"]
[EventDate "2019.10.04"]
[EventType "swiss"]
[EventRounds "9"]
[EventCountry "ITA"]
[SourceTitle "EXT 2020"]
[Source "ChessBase"]
[SourceDate "2019.10.17"]
[SourceVersion "1"]
[SourceVersionDate "2019.10.17"]
[SourceQuality "1"]

1. Nf3 d5 2. d4 Nf6 3. c4 c6 4. Qc2 e6 5. g3 Nbd7 6. Bg2 Bd6 7. 0-0 0-0 8. Rd1 b6 9. cxd5 cxd5 10. Qc6 Qc7 11. Qxa8 Ba6 12. Qxf8+ Kxf8 13. Nc3 Bb4 14. Bf4 Bd6 15. Rac1 1/2-1/2

[Event "Arco op 41st"]
[Site "Arco"]
[Date "2019.10.06"]
[Round "3"]
[White "Bifulco, Michel"]
[Black "Steiger, Michael"]
[Result "1/2-1/2"]
[WhiteElo "2276"]
[BlackElo "2015"]
[PlyCount "39"]
[EventDate "2019.10.04"]
[EventType "swiss"]
[EventRounds "9"]
[EventCountry "ITA"]
[SourceTitle "EXT 2020"]
[Source "ChessBase"]
[SourceDate "2019.10.17"]
[SourceVersion "1"]
[SourceVersionDate "2019.10.17"]
[SourceQuality "1"]

1. d4 Nf6 2. g3 d5 3. Nf3 c6 4. Bg2 Bf5 5. Nh4 Bg4 6. h3 Bh5 7. 0-0 e6 8. c4 Be7 9. Nc3 dxc4 10. g4 Nd5 11. Nf3 Bg6 12. Ne5 Nd7 13. Nxc4 h5 14. e4 Nxc3 15. bxc3 hxg4 16. hxg4 Qc7 17. e5 Nb6 18. Nxb6 axb6 19. Be3 Ra3 20. Qd2 1/2-1/2

[Event "GER-ch Seniors 50 31st"]
[Site "Radebeul"]
[Date "2019.04.27"]
[Round "2"]
[White "Steiger, Michael"]
[Black "Kaiser, Sebastian"]
[Result "1/2-1/2"]
[WhiteElo "1982"]
[BlackElo "1920"]
[PlyCount "47"]
[EventDate "2019.04.26"]
[EventType "swiss"]
[EventRounds "9"]
[EventCountry "GER"]
[SourceTitle "CBM 190 Extra"]
[Source "ChessBase"]
[SourceDate "2019.07.15"]
[SourceVersion "1"]
[SourceVersionDate "2019.07.15"]
[SourceQuality "1"]

1. c4 c6 2. Nf3 Nf6 3. d4 d5 4. Qc2 g6 5. Bf4 Bf5 6. Qb3 Qb6 7. c5 Qxb3 8. axb3 a6 9. Nc3 Nbd7 10. h3 h6 11. b4 g5 12. Bh2 Rc8 13. Nd2 Bg7 14. Nb3 Ne4 15. Na4 Ra8 16. e3 0-0 17. Na5 Ra7 18. Nb6 Nef6 19. f3 Re8 20. Kd2 Nf8 21. Bd3 Bxd3 22. Kxd3 Ng6 23. Rhe1 e6 24. Re2 1/2-1/2